00696nam a22002051a 450000500170000000800410001702000090005804000260006705000200009308200200011310000390013324500460017226000370021830000220025550001070027760000290038460000280041370000460044185200030048720110718133202.0091005s1996 001 0 eng d c0.00 aNEGST Library - Kenya 4aBS 325.A34 19960 aBS 325.A34 19961 aBible League (South Holland, Ill.)10aDikola-Fon : gete wurubware e ta ma beni. bBible League in cooperat,c1996. aviii, 648 p. : i. a"The New Testament in Adele (Gidire), Ghana West Africa." - T.p. verso. Maps on end papers. [Africana]10aBible. N.T. Adele. 1996.10aAdele language - Texts.1 aGhana Institute of Linguistics, Literacy.